000 00638nam a2200241Ia 4500
003 OSt
005 20220918174038.0
006 a|||||r|||| 00| 0
007 ta
008 220917b |||||||| |||| 00| 0 eng d
024 _a10,159
037 _cTextual
040 _aARTS
_cARTS
_beng
041 _2eng
_aeng
082 _aQ2:23, L8-;1
100 _aChattopadhyaya Sudhakar
_948888
245 0 _aReflections on the tantras
260 _aDelhi
_bMotilal
_c1978
300 _aviii, 106p.
_ccm.
650 _aRELIGION
942 _hQ2:23, L8-;1
_cTEXL
_2CC
999 _c151542
_d151542